• 首页
  • 本馆介绍
  • 公告通知
  • 最新文献
  • 馆藏检索
  • 电子资源
  • 读者导购
  • 参考咨询
  • 我的图书馆
  • 登录
  • 详细信息显示
  • 放入我的书架
  • 预约/预借图书
  • 作者相关作品
  • 分类相关作品
  • 丛书相关作品
  • 出版社相关作品

书目信息

  • 表格格式
  • 工作单格式
  • 卡片格式
题名:
工程经济学原理
    
 
作者: 帕克 著
分册:  
出版信息: 北京   中国人民大学出版社  2004
页数: 555页
开本: 24cm
丛书名: 双语教学丛书
单 册:
中图分类: F40
科图分类:
主题词: 工程经济学 , 工程经济学--英文
电子资源:
ISBN: 7-300-05490-0
000 00913nam0 2200289 450
000 00956nam0 2200289 450
000 00890nam0 2200265 450
000 00854oam2 2200253 45
005 20070725082119.06
010    @a7-300-05490-0@dCNY39.00
100    @a20070714d2006 em y0chiy0120 ea
101 1  @achi@ceng
102    @aCN@b110000
105    @ay z 000yy
200 1  @a工程经济学原理@AGong Cheng Jing Ji Xue Yuan Li@f帕克著@FPa Ke Zhu
210    @a北京@c中国人民大学出版社@d2004
215    @a555页@d24cm
225 2  @a双语教学丛书
330    @a本书包括:理解货币及其管理、企业与工程资产的评估、项目现金流的利用、工程经济学中的具体问题。
410  0 @12001 @a双语教学丛书
510 1  @aFundamentals of Engineering Economics@zeng
606 0  @a工程经济学
606 0  @a工程经济学@x英文
690    @aF40@v4
701  0 @a帕克@APa Ke@4著
801  0 @aCN@bTAOJIN@c20070725
905    @a10447@dF40@e192
    
    工程经济学原理/帕克著.-北京:中国人民大学出版社,2004
    555页;24cm.-(双语教学丛书)
    
    
    ISBN 7-300-05490-0:CNY39.00
    本书包括:理解货币及其管理、企业与工程资产的评估、项目现金流的利用、工程经济学中的具体问题。
●
相关链接 在E读中查询图书 在五车中查询图书 在当当中查询图书 在豆瓣中查询图书


正题名:工程经济学原理     索取号:F40/192         预约/预借

序号 登录号 条形码 馆藏地/架位号 状态 备注
1 0824673   208246735   第一样本阅览室/ [索取号:F40/192] 在馆    
2 0824674   208246744   第一借阅区/ [索取号:F40/192] 在馆    
3 0824675   208246753   第一借阅区/ [索取号:F40/192] 在馆    
4 0824676   208246762   第一借阅区/ [索取号:F40/192] 在馆    
5 0824677   208246771   第一借阅区/ [索取号:F40/192] 在馆    
6 0824678   208246780   第一借阅区/ [索取号:F40/192] 在馆    
7 0824679   208246799   第一借阅区/ [索取号:F40/192] 在馆    
8 0824680   208246806   第一借阅区/ [索取号:F40/192] 在馆    
唐山师范学院图书馆 欢迎您!
大连网信软件有限公司© 版权所有